MARC

LEADER 00000nam0a2200000 4500
001 16735
005 20231030190622.0
010 |a 5235014340 
035 |a (RuTPU)RU\TPU\book\16863 
035 |a BOOK00016932 
090 |a 16735 
100 |a 20011209d1990 km y0rusy50 ca 
101 0 |a rus 
102 |a RU 
105 |a y z 000zd 
200 1 |a Судьба России: Вчера, сегодня, завтра  |f В. В. Кожинов 
210 |a Москва  |c Молодая гвардия  |d 1990 
215 |a 252 с. 
225 1 |a Свободная трибуна 
600 1 |a Сталин  |g Иосиф Виссарионович  |b И. В.  |f 1878 - 1953  |c российский политический и государственный деятель  |c Генеральный секретарь ЦК КПСС  |c настоящая фамилия Джугашвилли  |c псевдоним Коба  |2 stltpui  |3 (RuTPU)RU\TPU\pers\1058 
600 1 |a Троцкий  |g Лев Давидович  |b Л. Д.  |c настоящая фамилия Бронштейн  |c российский политический и государственный деятель  |f 1879 - 1940  |2 stltpui  |3 (RuTPU)RU\TPU\pers\1059 
600 1 |a Бухарин  |g Николай Иванович  |b Н. И.  |f 1888-1938  |c российский политический деятель  |c академик АН СССР  |2 stltpui  |3 (RuTPU)RU\TPU\pers\7 
610 1 |a история 
610 1 |a Россия 
610 1 |a 20 век 
610 1 |a советское общество 
610 1 |a СССР 
686 |a Т3(2)63  |v LBC/SL-A  |2 rubbk 
700 1 |a Кожинов  |b В. В.  |g Вадим Валерианович 
801 0 |a RU  |b 63413507  |c 20011209  |g PSBO 
801 2 |a RU  |b 63413507  |c 20110414  |g PSBO 
942 |c BK